000 00652nam a2200205Ii 4500
003 JO-AjNU
008 230605s9999||||xx |||||||||||||| ||und||
040 _aJO-AjNU
_bara
_erda
_cJO-AjNU
041 _aara
050 1 4 _aPJ7816.A42.G42 1986
100 3 _aتأليف بنونة،خناتة,
_eauthor
_914665
245 0 0 _aالغد والغضب: رواية
250 _aط2
264 3 1 _aبغداد:دار الشؤون الثقافية العامة،1986
300 _a272ص
336 _atext
_btxt
_2rdacontent
337 _aunmediated
_bn
_2rdamedia
338 _avolume
_bnc
_2rdacarrier
650 4 _aالأدب العربي - روايات
_914666
999 _aA3964
_c7532
_d7532